[Event "FICGS rapid D 000100 email"]
[Site "FICGS email"]
[Date "2016.07.16"]
[Round "1"]
[White "Budnar, Milos"]
[Black "Galanter, Gregory"]
[Result "0-1"]
[WhiteElo "1433"]
[BlackElo "1578"]
[PlyCount "92"]
[EventDate "2016.??.??"]
[EventType "tourn (rapid)"]
[EventRounds "5"]
[SourceTitle "Corr 2022"]
[Source "ChessBase"]
[SourceDate "2021.10.24"]
[SourceVersion "1"]
[SourceVersionDate "2021.10.24"]
[SourceQuality "1"]

1. e4 c5 2. Nf3 Nc6 3. d4 cxd4 4. Nxd4 g6 5. Nc3 Bg7 6. Nxc6 dxc6 7. Qxd8+ Kxd8 8. Be2 Bd7 9. Bc4 f5 10. 0-0 e5 11. Bg5+ Nf6 12. Rad1 Kc7 13. Bxf6 Bxf6 14. f4 exf4 15. Rxf4 g5 16. Rff1 f4 17. Rd3 Rad8 18. Rfd1 Bg4 19. Rxd8 Rxd8 20. Rxd8 Kxd8 21. h3 Bh5 22. Be6 Bg6 23. Bf5 Bxf5 24. exf5 Bxc3 25. bxc3 Ke7 26. Kf2 Kf6 27. g4 fxg3+ 28. Kxg3 Kxf5 29. Kf3 h5 30. a4 g4+ 31. hxg4+ hxg4+ 32. Kg3 Kg5 33. a5 Kf5 34. Kg2 Kf4 35. c4 c5 36. Kf2 g3+ 37. Kg2 Kg4 38. c3 a6 39. Kg1 Kf3 40. Kf1 Ke3 41. Kg2 Kd3 42. Kxg3 Kxc3 43. Kf3 Kxc4 44. Ke3 Kb3 45. Kd2 c4 46. Kc1 Kc3 0-1

[Event "FICGS rapid D 000100 email"]
[Site "FICGS email"]
[Date "2016.07.16"]
[Round "1"]
[White "Piantadosi, Angelo"]
[Black "Galanter, Gregory"]
[Result "0-1"]
[WhiteElo "1405"]
[BlackElo "1578"]
[PlyCount "54"]
[EventDate "2016.??.??"]
[EventType "tourn (rapid)"]
[EventRounds "5"]
[SourceTitle "Corr 2022"]
[Source "ChessBase"]
[SourceDate "2021.10.24"]
[SourceVersion "1"]
[SourceVersionDate "2021.10.24"]
[SourceQuality "1"]

1. e4 c5 2. Nf3 Nc6 3. d4 cxd4 4. Nxd4 g6 5. Nc3 Bg7 6. Be3 Nf6 7. f3 0-0 8. Bc4 a6 9. Qd2 e6 10. 0-0-0 d5 11. exd5 exd5 12. Bb3 Nxd4 13. Bxd4 Be6 14. Bxf6 Bxf6 15. Nxd5 Bxd5 16. Qxd5 Qb6 17. Rhe1 Rad8 18. Qc4 Bg5+ 19. Kb1 Qf2 20. Rf1 Rxd1+ 21. Rxd1 Qxg2 22. Qe4 Qxh2 23. a3 Qc7 24. Qd5 Rd8 25. Qxf7+ Qxf7 26. Bxf7+ Kxf7 27. Rxd8 Bxd8 0-1

[Event "FICGS W-ch st1 g08 email"]
[Site "FICGS email"]
[Date "2015.07.02"]
[Round "1"]
[White "Duenas, Alexis"]
[Black "Galanter, Gregory"]
[Result "1-0"]
[WhiteElo "1894"]
[BlackElo "1592"]
[PlyCount "39"]
[EventDate "2015.??.??"]
[EventType "tourn (corr)"]
[EventRounds "8"]
[SourceTitle "Corr 2022"]
[Source "ChessBase"]
[SourceDate "2021.10.24"]
[SourceVersion "1"]
[SourceVersionDate "2021.10.24"]
[SourceQuality "1"]

1. d4 Nf6 2. c4 g6 3. Nc3 Bg7 4. e4 d6 5. f4 0-0 6. Nf3 Nc6 7. e5 dxe5 8. fxe5 Ng4 9. h3 Nh6 10. d5 Nb8 11. Bf4 Nf5 12. g4 Bh6 13. Qd2 Bxf4 14. Qxf4 Ng7 15. Qh6 f6 16. Ne4 Kf7 17. Qxh7 Rg8 18. Neg5+ Kf8 19. Qxg6 fxg5 20. Nxg5 1-0

[Event "FICGS no engines 00 email"]
[Site "FICGS email"]
[Date "2015.04.22"]
[Round "1"]
[White "Reboredo, Daniel"]
[Black "Galanter, Gregory"]
[Result "1/2-1/2"]
[WhiteElo "1938"]
[BlackElo "1580"]
[PlyCount "59"]
[EventDate "2015.??.??"]
[EventType "swiss (corr)"]
[EventRounds "1"]
[SourceTitle "Corr 2022"]
[Source "ChessBase"]
[SourceDate "2021.10.24"]
[SourceVersion "1"]
[SourceVersionDate "2021.10.24"]
[SourceQuality "1"]

1. e4 c5 2. Nf3 Nc6 3. d4 cxd4 4. Nxd4 g6 5. c4 Bg7 6. Be3 Nf6 7. Nc3 0-0 8. Be2 d6 9. 0-0 Bd7 10. Qd2 Re8 11. Rfd1 Rc8 12. f3 Nxd4 13. Bxd4 a6 14. b4 b6 15. Qe3 Rb8 16. Nd5 Nxd5 17. cxd5 b5 18. Rac1 Bxd4 19. Qxd4 e5 20. dxe6 Bxe6 21. Qxd6 Qg5 22. Qxa6 Qe3+ 23. Kf1 Qf4 24. Bxb5 Re7 25. a4 Qxh2 26. Qd6 Qh1+ 27. Kf2 Qh4+ 28. Kg1 Reb7 29. Qe5 Qe7 30. Rd6 1/2-1/2

[Event "FICGS rapid D 000086 email"]
[Site "FICGS email"]
[Date "2014.10.22"]
[Round "1"]
[White "Galanter, Gregory"]
[Black "Goldmund, Heike"]
[Result "1-0"]
[WhiteElo "1457"]
[BlackElo "1449"]
[PlyCount "23"]
[EventDate "2014.??.??"]
[EventType "tourn (rapid)"]
[EventRounds "5"]
[SourceTitle "Corr 2022"]
[Source "ChessBase"]
[SourceDate "2021.10.24"]
[SourceVersion "1"]
[SourceVersionDate "2021.10.24"]
[SourceQuality "1"]

1. e4 d5 2. exd5 Qxd5 3. Nc3 Qa5 4. d4 Nf6 5. Nf3 Bg4 6. h3 Bf5 7. Bd3 Bxd3 8. Qxd3 e6 9. Bd2 c6 10. 0-0 Qc7 11. Ne5 Nbd7 12. Bf4 1-0

[Event "FICGS class D 000211 email"]
[Site "FICGS email"]
[Date "2014.10.11"]
[Round "1"]
[White "Galanter, Gregory"]
[Black "Budnar, Milos"]
[Result "1-0"]
[WhiteElo "1457"]
[BlackElo "1449"]
[PlyCount "33"]
[EventDate "2014.??.??"]
[EventType "tourn (corr)"]
[EventRounds "6"]
[SourceTitle "Corr 2022"]
[Source "ChessBase"]
[SourceDate "2021.10.24"]
[SourceVersion "1"]
[SourceVersionDate "2021.10.24"]
[SourceQuality "1"]

1. e4 e5 2. Nf3 Nc6 3. g3 Nf6 4. d3 d5 5. Nbd2 Bb4 6. c3 Ba5 7. Bg2 0-0 8. 0-0 Bg4 9. h3 Bxf3 10. Qxf3 d4 11. c4 Nb4 12. a3 Na6 13. b4 Bxb4 14. axb4 Nxb4 15. Ba3 Nc2 16. Bxf8 Nxa1 17. Bxg7 1-0

[Event "FICGS class D 000211 email"]
[Site "FICGS email"]
[Date "2014.10.11"]
[Round "1"]
[White "Laine, Jari"]
[Black "Galanter, Gregory"]
[Result "0-1"]
[WhiteElo "1478"]
[BlackElo "1457"]
[PlyCount "52"]
[EventDate "2014.??.??"]
[EventType "tourn (corr)"]
[EventRounds "6"]
[SourceTitle "Corr 2022"]
[Source "ChessBase"]
[SourceDate "2021.10.24"]
[SourceVersion "1"]
[SourceVersionDate "2021.10.24"]
[SourceQuality "1"]

1. e4 c5 2. Nf3 Nc6 3. d4 cxd4 4. Nxd4 g6 5. Nc3 Bg7 6. Be3 Nf6 7. Bc4 0-0 8. Bb3 d6 9. f3 Na5 10. g4 d5 11. e5 Nd7 12. f4 Nxb3 13. axb3 Nb6 14. h4 Qd7 15. g5 Qg4 16. Qxg4 Bxg4 17. Rg1 Bh5 18. Ndb5 a6 19. Nc7 Rad8 20. Bxb6 e6 21. Nxa6 bxa6 22. Bxd8 Rxd8 23. Rxa6 d4 24. Ne4 d3 25. c4 d2+ 26. Nxd2 Bf8 0-1

[Event "FICGS unrated 00003 email"]
[Site "FICGS email"]
[Date "2013.03.08"]
[Round "1"]
[White "Galanter, Gregory"]
[Black "Riha, Josef"]
[Result "0-1"]
[WhiteElo "1750"]
[BlackElo "1973"]
[PlyCount "58"]
[EventDate "2013.??.??"]
[EventType "swiss (corr)"]
[EventRounds "1"]
[SourceTitle "Corr 2022"]
[Source "ChessBase"]
[SourceDate "2021.10.24"]
[SourceVersion "1"]
[SourceVersionDate "2021.10.24"]
[SourceQuality "1"]

1. e4 c5 2. Nf3 d6 3. g3 Nc6 4. Bg2 g6 5. 0-0 Bg7 6. d3 Nf6 7. c3 0-0 8. Nbd2 e5 9. a4 h6 10. Nc4 Be6 11. Nh4 d5 12. exd5 Bxd5 13. Be3 Bxg2 14. Nxg2 Qd5 15. f4 Nd7 16. Qf3 Qxd3 17. Rad1 Qxc4 18. Rxd7 e4 19. Qd1 Rfd8 20. Rxd8+ Rxd8 21. Qc2 Nd4 22. Bxd4 Bxd4+ 23. Rf2 Bxf2+ 24. Kxf2 Rd3 25. Ne3 Qa2 26. Ke2 Qa1 27. Nd1 c4 28. b3 cxb3 29. Qxb3 Qc1 0-1

[Event "FICGS unrated 00003 email"]
[Site "FICGS email"]
[Date "2013.03.08"]
[Round "1"]
[White "Galanter, Gregory"]
[Black "Winsky, Bob"]
[Result "1-0"]
[WhiteElo "1750"]
[BlackElo "1800"]
[PlyCount "21"]
[EventDate "2013.??.??"]
[EventType "swiss (corr)"]
[EventRounds "1"]
[SourceTitle "Corr 2022"]
[Source "ChessBase"]
[SourceDate "2021.10.24"]
[SourceVersion "1"]
[SourceVersionDate "2021.10.24"]
[SourceQuality "1"]

1. e4 e5 2. Nf3 Qf6 3. Nc3 c6 4. Bc4 Be7 5. d3 h6 6. 0-0 d6 7. Be3 Qg6 8. d4 Bg4 9. dxe5 Bh3 10. Ne1 b5 11. Bb3 1-0